000 00384nam a22001577a 4500
003 CEME
005 20210628202446.0
008 210315b xxu||||| |||| 00| 0 eng d
020 _a0-444-81556-2
040 _c.
082 _a548.5 HAN'H
245 _aHandbook of crystal growth 3 thin films and epitaxy
260 _aTOKYO
_bELSEVIER
_c1994
300 _a1065P
942 _cBK
_2ddc
999 _c569836
_d569836